Integrated approach to coordination chemistry : (Record no. 10536)

MARC details
000 -LEADER
fixed length control field 01511cam a22003734i 4500
001 - CONTROL NUMBER
control field 14519494
003 - CONTROL NUMBER IDENTIFIER
control field EG-ScBUE
005 - DATE AND TIME OF LATEST TRANSACTION
control field 20250720114630.0
008 - FIXED-LENGTH DATA ELEMENTS--GENERAL INFORMATION
fixed length control field 060825t2007 njua f b 001 0 eng
020 ## - INTERNATIONAL STANDARD BOOK NUMBER
International Standard Book Number 9780471464839
020 ## - INTERNATIONAL STANDARD BOOK NUMBER
International Standard Book Number 047146483X
035 ## - SYSTEM CONTROL NUMBER
System control number (OCoLC)ocm71223235
035 ## - SYSTEM CONTROL NUMBER
System control number (OCoLC)71223235
040 ## - CATALOGING SOURCE
Original cataloging agency EG-ScBUE
Language of cataloging eng
Description conventions rda
Transcribing agency EG-ScBUE
Modifying agency EG-ScBUE
082 04 - DEWEY DECIMAL CLASSIFICATION NUMBER
Classification number 541.2242
Edition number 22
Item number MAR
100 1# - MAIN ENTRY--PERSONAL NAME
Personal name Marusak, Rosemary A.,
Relator term author.
245 10 - TITLE STATEMENT
Title Integrated approach to coordination chemistry :
Remainder of title an inorganic laboratory guide /
Statement of responsibility, etc Rosemary A. Marusak, Kenyon College, Gambir, Ohio, Kate Doan, Scott D. Cummings, Kenyon College, Gambir, Ohio.
264 #1 - PUBLICATION, DISTRIBUTION, ETC. (IMPRINT)
Place of publication, distribution, etc Hoboken, New Jersey :
Name of publisher, distributor, etc Wiley-Interscience,
Date of publication, distribution, etc [2007]
264 #4 - PUBLICATION, DISTRIBUTION, ETC. (IMPRINT)
Date of publication, distribution, etc c2007
300 ## - PHYSICAL DESCRIPTION
Extent xxi, 266 pages :
Other physical details illustrations ;
Dimensions 26 cm
336 ## - CONTENT TYPE
Source rdacontent
Content type term text
Content type code txt
337 ## - MEDIA TYPE
Media type term unmediated
Source rdamedia
Media type code n
338 ## - CARRIER TYPE
Carrier type term volume
Carrier type code nc
Source rdacarrier
500 ## - GENERAL NOTE
General note Includes Appendices.<br/>
504 ## - BIBLIOGRAPHY, ETC. NOTE
Bibliography, etc Includes bibliographical references and index.
650 #7 - SUBJECT ADDED ENTRY--TOPICAL TERM
Topical term or geographic name as entry element Coordination compounds.
Source of heading or term BUEsh
655 ## - INDEX TERM--GENRE/FORM
Form subdivision Reading book
700 1# - ADDED ENTRY--PERSONAL NAME
Personal name Doan, Kate,
Relator term author.
700 1# - ADDED ENTRY--PERSONAL NAME
Personal name Cummings, Scott D.,
Relator term author.
856 41 - ELECTRONIC LOCATION AND ACCESS
Materials specified Table of contents only
Uniform Resource Identifier <a href="http://www.loc.gov/catdir/toc/ecip0620/2006028497.html">http://www.loc.gov/catdir/toc/ecip0620/2006028497.html</a>
856 42 - ELECTRONIC LOCATION AND ACCESS
Materials specified Contributor biographical information
Uniform Resource Identifier <a href="http://www.loc.gov/catdir/enhancements/fy0740/2006028497-b.html">http://www.loc.gov/catdir/enhancements/fy0740/2006028497-b.html</a>
856 42 - ELECTRONIC LOCATION AND ACCESS
Materials specified Publisher description
Uniform Resource Identifier <a href="http://www.loc.gov/catdir/enhancements/fy0740/2006028497-d.html">http://www.loc.gov/catdir/enhancements/fy0740/2006028497-d.html</a>
942 ## - ADDED ENTRY ELEMENTS (KOHA)
Source of classification or shelving scheme Dewey Decimal Classification
Koha item type Book - Borrowing
Holdings
Withdrawn status Lost status Source of classification or shelving scheme Damaged status Not for loan Collection code Home library Current library Shelving location Date acquired Source of acquisition Cost, normal purchase price Serial Enumeration / chronology Total Checkouts Full call number Barcode Date last seen Koha item type
    Dewey Decimal Classification     Alahram Central Library Central Library First floor 29/01/2009 Purchase 419.70 06455   541.2242 MAR 000014408 15/07/2025 Book - Borrowing